Responses for Show #1580 - Friday, June 14, 1991

Contestants

[<< previous game]

Nadine Fiedler, a production coordinator from Portland, Oregon

Jonathan Heller, an archivist from Washington, D.C.

Jeff Moeller, an attorney from Anchorage, Alaska (whose 2-day cash winnings total $25,000)

[next game >>]

Jeopardy! Round responses

WORLD HISTORY
MUSICALS
MAGAZINES
NEW ORLEANS
CHIMPANZEES
GEOGRAPHICAL SPELLING
    $100 13
(Jonathan: What is Buddhism?)

Confucianism

JonathanNadine
    $100 21
carousel

Jeff
    $100 11
Ms.

Nadine
    $100 6
Mardi Gras

Nadine
    $100 18
"Talk To The Animals"

Jeff
    $100 1
P-U-E-R-T-O R-I-C-O

Jeff
    $200 17
the French Foreign Legion

Triple Stumper
    $200 22
a sixpence

Jonathan
    $200 12
GQ (Gentlemen's Quarterly)

Jonathan
    $200 7
the Superdome

Jeff
    $200 19
Cheeta

Jonathan
    $200 2
C-O-L-O-M-B-I-A

Nadine
    $300 20
1776

Jonathan
    $300 23
(Jeff: What is Cabaret?)

Gypsy

JeffNadine
    $300 14
Reader's Digest

Nadine
    $300 8
(Nadine: What is Dixieland [*] or [*]?)

jazz

Nadine
    $300 24
J. Fred Muggs

Jeff
    $300 3
I-L-L-I-N-O-I-S

Jeff
    $400 28
Pakistan

Jonathan
    $400 26
ABBA

Jeff
    $1,000 15
byte

Nadine
    $400 9
the Big Easy

Jonathan
    $400 25
American Sign Language

Jonathan
    $400 4
Q-A-T-A-R

Jeff
    $500 29
the United Arab Republic

Jonathan
    $500 27
Once Upon a Mattress

Jonathan
    $500 16
(Jonathan: What is Geo?)

Discover

JeffJonathan
    $500 10
[ERRATUM: "chickory" should be spelled "chicory".]

café au lait

Nadine
    $500 30
Jane Goodall

Jonathan
    $500 5
F-I-R-E-N-Z-E

Jonathan

Scores at the first commercial break (after clue 14):

Jeff Jonathan Nadine
$1,000 $1,000 $1,600

Scores at the end of the Jeopardy! Round:

Jeff Jonathan Nadine
$2,100 $3,500 $2,900

Double Jeopardy! Round responses

AMERICAN LITERATURE
SCIENCE & NATURE
STATE QUOTES
LAW
VOCABULARY
SAY CHEESE
    $200 20
Cooper

Nadine
    $200 19
gills

Nadine
    $200 13
New Jersey

Jonathan
    $200 1
100%

Jeff
    $200 3
a snap

Jonathan
    $200 4
cheddar

Jonathan
    $400 21
The Secret Life of Walter Mitty

Nadine
    $400 26
(Jeff: What is bacteria?)

the animal kingdom

Jeff
Triple Stumper
    $400 14
Alaska

Jonathan
    $400 2
gambling

Nadine
    $400 7
bloom

Jeff
    $400 5
ricotta

Jonathan
    $1,200 22
(Nadine: What is The Marble Faun?)

Twice-Told Tales

Nadine
    $600 27
the breastbone

Nadine
    $1,600 15
(Jonathan: What is Michigan?)

Idaho

Jonathan
    $600 18
pro bono

Jonathan
    $600 8
midday

Jeff
    $600 6
feta

Nadine
    $800 23
Doctor Kildare

Jeff
    $800 29
the B vitamins

Jeff
    $800 16
Delaware

Jonathan
    $800 24
Roe

Jeff
    $800 9
a duck

Nadine
    $800 11
Liederkranz

Nadine
    $1000 28
(Nadine: What is Omoo?)

Typee

JonathanNadine
    $1000 30
a tendon

Jeff
    $1000 17
North Carolina

Jeff
    $1000 25
(Alex: We have a minute to go.)

friend of the court

Jeff
    $1000 10
(Jeff: What is an annotation?)

concordance

Jeff
Triple Stumper
    $1000 12
Stilton

Jonathan

Scores at the end of the Double Jeopardy! Round:

Jeff Jonathan Nadine
$7,300 $6,700 $4,700

[wagering suggestions for these scores]

Final Jeopardy! Round responses

MOVIE STARS
NadineWho was Gene Kelly?
$2,601
JonathanWho is Gene Kelly
$6,600
JeffWho was Mickey Rooney
$6,101
Gene Kelly

Final scores:

Jeff Jonathan Nadine
$1,199 $13,300 $7,301
3rd place: Smith Corona PWP 7000 word processor & Nintendo Entertainment System with Wheel of Fortune, Jeopardy! & Fisher Price preschool + Wheel of Fortune for Game Boy New champion: $13,300 2nd place: Mastervoice home automation system & Lucien Piccard his & her watches

Game dynamics:

Coryat scores:

Jeff Jonathan Nadine
$7,300 $8,300 $5,300
18 R,
3 W
20 R,
3 W
(including 1 DD)
17 R
(including 1 DD),
2 W
(including 1 DD)

Combined Coryat: $20,900

[game clues] [game scores] [suggest correction]

Game tape date: 1991-03-12
The J! Archive is created by fans, for fans. Scraping, republication, monetization, and malicious use prohibited; this site may use cookies and collect identifying information. See terms. The Jeopardy! game show and all elements thereof, including but not limited to copyright and trademark thereto, are the property of Jeopardy Productions, Inc. and are protected under law. This website is not affiliated with, sponsored by, or operated by Jeopardy Productions, Inc. Join the discussion at JBoard.tv.